Football Quiz par lettre - P - Statistiques

Statistiques générales
  • Ce quiz a été pris 1 102 fois
  • Le résultat moyen est 12 sur 16
Statistiques - réponses
Hint Réponse % Correct
Ville accueillant le PSG Paris
100%
Vainqueur de l'Euro 2016 Portugal
97%
Coup de pied arrêté après une faute, à 11m de distance des cages Penalty
94%
Gignac a frappé sur le ...... en finale de l'Euro 2016 Poteau
94%
Nom du prix décerné au plus beau but de l'année Puskas
86%
Surnom donné à Lionel Messi Pulga
82%
Animal représentatif de la célébration iconique de Bafé Gomis Panthère
77%
Club italien (Sicile) ayant eu Dybala, Cavani ou encore Pastore à leurs débuts Palerme
76%
Plus beau but de la Coupe du Monde 2018 Pavard
71%
Poste incontournable du foot moderne, rôle hybride entre le latéral et l'ailier Piston
70%
Surnom de l'ancien international italien Inzaghi Pippo
67%
Nom du stade du LOSC Lille Pierre Mauroy
64%
Nationalité de Robert Lewandowski Polonaise
62%
Ballon d'Or féminin 2021 et 2022 Putellas
59%
Vainqueur du "Golden Boy" en 2013 Pogba
52%
Club 11 fois champion du Brésil et finaliste de la Coupe du Monde des clubs en 2021 Palmeiras
42%
Aucun quiz correspondant
Distribution des résultats
% des personnes avec chaque résultat
Percentile par nombre de réponses
Votre historique - résultats
Vous n’avez pas pris ce quiz